Experimental and quasi-experimental designs for research / (Record no. 2680)
[ view plain ]
| 000 -LEADER | |
|---|---|
| fixed length control field | 01299nam a22001697a 4500 |
| 008 - FIXED-LENGTH DATA ELEMENTS--GENERAL INFORMATION | |
| fixed length control field | 121218t xxu||||| |||| 00| 0 eng d |
| 050 ## - LIBRARY OF CONGRESS CALL NUMBER | |
| Classification number | Q175.C23 |
| 100 ## - MAIN ENTRY--PERSONAL NAME | |
| Personal name | Campbell, Donald T. |
| 245 ## - TITLE STATEMENT | |
| Title | Experimental and quasi-experimental designs for research / |
| Statement of responsibility, etc. | Donald T. Campbell and Julian C. Stanley |
| 260 ## - PUBLICATION, DISTRIBUTION, ETC. | |
| Place of publication, distribution, etc. | U.S.A: |
| Name of publisher, distributor, etc. | Rand mcnally college publishing company, |
| Date of publication, distribution, etc. | c1963. |
| 300 ## - PHYSICAL DESCRIPTION | |
| Extent | ix, 84p. |
| Other physical details | ill |
| Dimensions | 22cm. |
| 500 ## - GENERAL NOTE | |
| General note | Includes index |
| 505 ## - FORMATTED CONTENTS NOTE | |
| Formatted contents note | Contents: Problem and background -- Three pre-experimental designs: The One-shot case study -- The One-group pretest-pottest design -- The Static-group comparison -- Three true experimental designs: The Pretest-pottest control group design -- The Solomon four-group design -- The Posttest-only control group design -- Quasi-experimental designs: The Time-series experiment -- The Equivalent time samples design -- The Nonequivalent control group design -- Counterbalanced designs -- The Separate-sample pretest-posttest design -- The Separate-sample pretest-posttest control group design -- The Multiple time-series design -- The Recurrent institutional cycle design: a ''patched-up'' -- Regression-discontinuity analysis -- Correlational and ex post facto designs. |
| 650 ## - SUBJECT ADDED ENTRY--TOPICAL TERM | |
| Topical term following geographic name entry element | Research method |
| 700 ## - ADDED ENTRY--PERSONAL NAME | |
| Personal name | Stanley, Julian C. |
| 942 ## - ADDED ENTRY ELEMENTS (KOHA) | |
| Source of classification or shelving scheme | Library of Congress Classification |
| Koha item type | Books |
| Withdrawn status | Lost status | Source of classification or shelving scheme | Damaged status | Not for loan | Home library | Current library | Shelving location | Date acquired | Total Checkouts | Full call number | Barcode | Date last seen | Price effective from | Koha item type |
|---|---|---|---|---|---|---|---|---|---|---|---|---|---|---|
| Library of Congress Classification | WISCONSIN INTERNATIONAL UNIVERSITY COLLEGE, GHANA - MAIN LIBRARY | WISCONSIN INTERNATIONAL UNIVERSITY COLLEGE, GHANA - MAIN LIBRARY | AEC | 18/12/2012 | Q175.C23 | 6938/12 | 18/12/2012 | 18/12/2012 | Books |
